000 00405nam a2200157Ia 4500
008 230718s9999 xx 000 0 und d
041 _aeng
082 _a004.6
_bKRI
100 _aKrishna S.J.
245 _aEnterprise Information Integration An Introduction
260 _c2005
_bICFAI Books
300 _a189
365 _cRs.
_b350.00
700 _aKrishna S.J.
906 _d12/4/06/IPRESS/2006
_cIT
999 _c313512
_d313512